000 00229nam a2200097Ia 4500
008 200302s9999 xx 000 0 und d
100 _aRoef Hopman
245 _aAustralian Design Trends
260 _bDavid Johnson
300 _a181 P.,
999 _c1695
_d1695